5HLuxD.jpg

KING HENRY VIII SENIOR AND PRIMARY SCHOOL LIBRARY OPAC

The Odyssey / (Record no. 2897)

000 -LEADER
fixed length control field 01993nam a2200349 a 4500
001 - CONTROL NUMBER
control field 017638354
003 - CONTROL NUMBER IDENTIFIER
control field UkOxU
005 - DATE AND TIME OF LATEST TRANSACTION
control field 20230911093400.0
008 - FIXED-LENGTH DATA ELEMENTS--GENERAL INFORMATION
fixed length control field 100930s2011 enk 000 p eng d
015 ## - NATIONAL BIBLIOGRAPHY NUMBER
National bibliography number GBB0B8823
Source bnb
020 ## - INTERNATIONAL STANDARD BOOK NUMBER
International Standard Book Number 9780007420094 (pbk.)
020 ## - INTERNATIONAL STANDARD BOOK NUMBER
International Standard Book Number 0007420099 (pbk.)
035 ## - SYSTEM CONTROL NUMBER
System control number (Uk)015663462
035 ## - SYSTEM CONTROL NUMBER
System control number (StEdALDL)1/2471122
040 ## - CATALOGING SOURCE
Original cataloging agency StDuBDS
Language of cataloging eng
Transcribing agency StDuBDS
Modifying agency KH8
041 1# - LANGUAGE CODE
Language code of text/sound track or separate title eng
Language code of original grc
082 04 - DEWEY DECIMAL CLASSIFICATION NUMBER
Classification number 883.01 HOM
Edition number 22
100 0# - MAIN ENTRY--PERSONAL NAME
Personal name Homer,
Dates associated with a name author.
240 10 - UNIFORM TITLE
Uniform title Odyssey.
Language of a work English
245 14 - TITLE STATEMENT
Title The Odyssey /
Statement of responsibility, etc. Homer.
260 ## - PUBLICATION, DISTRIBUTION, ETC.
Place of publication, distribution, etc. London :
Name of publisher, distributor, etc. Harper Press,
Date of publication, distribution, etc. 2011.
300 ## - PHYSICAL DESCRIPTION
Extent vii, 404 p. ;
Dimensions 18 cm.
490 1# - SERIES STATEMENT
Series statement Collins classics
500 ## - GENERAL NOTE
General note Translated from the Ancient Greek by "T.E. Shaw", i.e. T.E. Lawrence.
500 ## - GENERAL NOTE
General note Prose translation.
520 ## - SUMMARY, ETC.
Summary, etc. Sing to me of the man, Muse, the man of twists and turns driven time and again off course, once he had plundered the hallowed heights of Troy.<br/><br/>So begins Robert Fagles' magnificent translation of the Odyssey, which Jasper Griffin in The New York Times Review of Books hails as "a distinguished achievement."<br/><br/>If the Iliad is the world's greatest war epic, then the Odyssey is literature's grandest evocation of everyman's journey though life. Odysseus' reliance on his wit and wiliness for survival in his encounters with divine and natural forces, during his ten-year voyage home to Ithaca after the Trojan War, is at once a timeless human story and an individual test of moral endurance.<br/><br/>In the myths and legends that are retold here, Fagles has captured the energy and poetry of Homer's original in a bold, contemporary idiom, and given us an Odyssey to read aloud, to savor, and to treasure for its sheer lyrical mastery.
600 00 - SUBJECT ADDED ENTRY--PERSONAL NAME
Personal name Odysseus,
Titles and other words associated with a name King of Ithaca (Mythological character)
Form subdivision Poetry.
650 #0 - SUBJECT ADDED ENTRY--TOPICAL TERM
Topical term or geographic name entry element Epic poetry, Greek
Form subdivision Translations into English.
700 1# - ADDED ENTRY--PERSONAL NAME
Personal name Lawrence, T. E.
Fuller form of name (Thomas Edward),
Dates associated with a name 1888-1935.
830 #0 - SERIES ADDED ENTRY--UNIFORM TITLE
Uniform title Collins classics.
942 ## - ADDED ENTRY ELEMENTS (KOHA)
Source of classification or shelving scheme
Koha item type Teaching Resources
Holdings
Withdrawn status Lost status Source of classification or shelving scheme Damaged status Not for loan Collection code Permanent Location Current Location Shelving location Date acquired Full call number Barcode Date last seen Price effective from Koha item type
          Teaching Resources KH8 Senior School Library KH8 Senior School Library Staff Office 2023-09-11 883.01 HOM TRKHSL002650 2023-09-11 2023-09-11 Teaching Resources

Powered By KH8 IT Dept